Functional Histology. (Record no. 4090)

MARC details
000 -LEADER
fixed length control field 00541nam a22002057a 4500
003 - CONTROL NUMBER IDENTIFIER
control field OSt
005 - DATE AND TIME OF LATEST TRANSACTION
control field 20160518140310.0
008 - FIXED-LENGTH DATA ELEMENTS--GENERAL INFORMATION
fixed length control field 160518b xxu||||| |||| 00| 0 eng d
020 ## - INTERNATIONAL STANDARD BOOK NUMBER
International Standard Book Number 0316103012
040 ## - CATALOGING SOURCE
Transcribing agency DLMN.
082 ## - DEWEY DECIMAL CLASSIFICATION NUMBER
Classification number QS 504 B646f 1989.
100 ## - MAIN ENTRY--PERSONAL NAME
Personal name Borysenko,Myrin;Beringer,Theodore;
9 (RLIN) 8859
245 ## - TITLE STATEMENT
Title Functional Histology.
250 ## - EDITION STATEMENT
Edition statement 3rd ed.
260 ## - PUBLICATION, DISTRIBUTION, ETC. (IMPRINT)
Place of publication, distribution, etc. Boston,
Name of publisher, distributor, etc. Little,Brown and Company.
Date of publication, distribution, etc. 1989.
300 ## - PHYSICAL DESCRIPTION
Extent vii,508p;
Other physical details ill;
Dimensions 24cm
504 ## - BIBLIOGRAPHY, ETC. NOTE
Bibliography, etc includes index.
650 ## - SUBJECT ADDED ENTRY--TOPICAL TERM
Topical term or geographic name as entry element Histology.
9 (RLIN) 194
942 ## - ADDED ENTRY ELEMENTS (KOHA)
Source of classification or shelving scheme Dewey Decimal Classification
Koha item type Short Loan
Holdings
Withdrawn status Lost status Source of classification or shelving scheme Damaged status Not for loan Home library Current library Date acquired Source of acquisition Inventory number Total Checkouts Full call number Barcode Date last seen Price effective from Koha item type Date last checked out
    Other/Generic Classification Scheme     MUST Main Library MUST Main Library 19/05/2016   4449   QS 504 B646f 1989. 2016-2037 19/05/2016 19/05/2016 Short Loan  
    Other/Generic Classification Scheme     MUST Main Library MUST Main Library 19/05/2016   4459   QS 504 B646f 1989. 2016-2038 19/05/2016 19/05/2016 Open Shelf  
    Other/Generic Classification Scheme     MUST Main Library MUST Main Library 19/05/2016   4451   QS 504 B646f 1989. 2016-2039 19/05/2016 19/05/2016 Open Shelf  
    Other/Generic Classification Scheme     MUST Main Library MUST Main Library 19/05/2016   4446 3 QS 504 B646f 1989. 2016-2040 15/03/2021 19/05/2016 Open Shelf 26/02/2021